1321 1559 1423 1979 1930 1193 1716 1262 1181 1766 1489 1221 1114 1363 1003 1152 1244 1126 1605 1879 1103 1891 1685 1926 1101 1869 1901 1431 1119 1082 1129 1447 1945 1040 1677 1084 1992 1600 1128 1543 1215 1822 1501 1131 1047 1743 1448 1551 1762 1943 1512 1219 1000 1179 1344 1360 1134 1675 1434 1256 1020 1660 1188 1861 1803 1389 1829 1818 1426 1959 1720 1329 1500 1490 1811 1416 1745 1299 1287 1884 1962 1405 1880 1620 1220 1076 1898 1795 1410 1331 1030 1052 1824 1708 1510 1200 1864 1262 1828 BCNSPRNW ULIB Ver.6.0+V

เปลี่ยนเป็นภาษาไทย

Change to English
 แสดงรายละเอียดบรรณานุกรม
  กลับหน้าหลัก

Brief Record : Get Marc (ISO 2709) : E-mail record : QR code < ปิดหน้าต่าง
LEADER : 00000nam 2200000uu 4500
001    13399127961
003     ULIB
008    211117s2563||||th 000 0 tha d
020 ^- ^a9786163660763
050 ^- ^aนว.^bด265จ
100 0^ ^aดวงตะวัน.
245 10 ^aเจ้าหญิงเมลีญา /^cดวงตะวัน.
250 ^- ^aพิมพ์ครั้งที่ 1.
260 ^- ^aนนทบุรี :^bดวงตะวัน,^c2563
300 ^- ^a437 หน้า.
945    ^p350^l0^i008551
999    ^aประนอม เกษจรัล
รายการนี้ยังไม่มีแท็ก
คุณยังไม่ได้ล็อกอิน คุณสามารถมีกิจกรรมร่วมกับเว็บไซต์ได้ แต่ต้องล็อกอินก่อน ::
  ล็อกอิน

รายการสื่อสารสนเทศ

ลำดับที่ ประเภท เลขเรียก/บาร์โค้ด สถานที่ สถานะ
1. นวนิยาย
นวนิยาย
นว. ด265จ ฉ.1 
  Barcode: 008551
ห้องสมุดวิทยาเขตสวรรค์ประชารักษ์
►นวนิยาย
บนชั้น
  ขอยืม

รายการใกล้เคียง
    ผู้แต่ง [ดวงตะวัน.]

BibComment


ยังไม่เคยถูกคอมเมนท์

คอมเมนท์ทรัพยากรรายการนี้
  คอมเมนท์: เจ้าหญิงเมลีญา ..


 Copyright 2026. Bcnsprnw @Library